000 00366 a2200145 4500
005 20250629123037.0
020 _a81-261-1031-7
082 _a651 KUM
100 _aKUMAR,N.
245 _aOffice Organisation
260 _aNew Delhi,
_bANMOL Publications PVT. LTD.,
_c2002.
300 _aix,333p.:ill.;figures
_bAppendix
_c22cm
700 _aMital,R.
942 _2ddc
_cBKS
999 _c6323
_d6323